FRIENDS - Marshmello ft. Anne-Marie (All Lyrics) - Statistics

General Stats
  • This quiz has been taken 2,531 times
  • The average score is 354 of 437
Answer Stats
Lyrics % Correct
I
100%
S!
100%
D
99%
E
99%
F
99%
f***ing
99%
N
99%
R
99%
You
98%
you
98%
you?
98%
a
96%
friends.
96%
"friends".
96%
we
95%
me,
94%
me
94%
that
93%
Don't
92%
don't
92%
in
91%
We're
91%
were
91%
your
91%
go
88%
it
87%
it.
87%
eye.
86%
look
86%
with
86%
with,
86%
at
84%
no
84%
to
83%
love
80%
1,
78%
not
78%
say
78%
spell
78%
2,
77%
2
77%
like
77%
So
77%
3,
76%
4,
76%
5,
76%
6
76%
Have
76%
my
76%
shit.
76%
shit
76%
just
75%
more
75%
times.
75%
be
74%
clear?
74%
crazy.
74%
for
74%
made
74%
than
74%
that's
73%
That's
73%
known
72%
obvious?
72%
thousand
72%
You're
72%
brother.
71%
Haven't
70%
out
70%
up,
70%
up
70%
away,
69%
away
69%
lover,
69%
ten.
69%
nothing
68%
told
68%
Want
68%
since
66%
talking
66%
fight.
65%
mess
65%
without
65%
Here
64%
here
64%
the
63%
again.
62%
make
62%
I'm
61%
push
61%
ain't
60%
gonna
59%
how
59%
Only
58%
really
58%
going
57%
I've
57%
can't
56%
Get
54%
polite.
53%
is
51%
When
50%
head.
49%
inside
49%
got
48%
It's
47%
looking
46%
being
45%
been
44%
insane.
44%
morning,
44%
before?
43%
door.
41%
done
40%
reasoned
40%
shame,
40%
rain
39%
pouring.
37%
Turning
25%
No matching quizzes found
Score Distribution
Percent of People with Each Score
Percentile by Number Answered
Your Score History
You have not taken this quiz